Indo Aryan Polity (Record no. 1356263)

MARC details
000 -LEADER
fixed length control field 00617nam a2200253Ia 4500
008 - FIXED-LENGTH DATA ELEMENTS--GENERAL INFORMATION
fixed length control field 160321s9999||||xx |||||||||||||| ||und||
040 ## - CATALOGING SOURCE
Transcribing agency English
082 ## - DEWEY DECIMAL CLASSIFICATION NUMBER
Classification number XI.B Basu
082 ## - DEWEY DECIMAL CLASSIFICATION NUMBER
Item number BORI-4240
100 ## - MAIN ENTRY--PERSONAL NAME
Personal name Praphullachandra Basu
245 ## - TITLE STATEMENT
Title Indo Aryan Polity
300 ## - PHYSICAL DESCRIPTION
Extent iX+146
300 ## - PHYSICAL DESCRIPTION
Dimensions B
300 ## - PHYSICAL DESCRIPTION
Accompanying material Hardbound
530 ## - ADDITIONAL PHYSICAL FORM AVAILABLE NOTE
Uniform Resource Identifier <a href="00058131.pdf">00058131.pdf</a>
563 ## - BINDING INFORMATION
Binding note Study
600 ## - SUBJECT ADDED ENTRY--PERSONAL NAME
Personal name Praphullachandra Basu
630 ## - SUBJECT ADDED ENTRY--UNIFORM TITLE
Uniform title Indo Aryan Polity
650 ## - SUBJECT ADDED ENTRY--TOPICAL TERM
Topical term or geographic name as entry element "Social History,Culture"
650 ## - SUBJECT ADDED ENTRY--TOPICAL TERM
Topical term or geographic name as entry element General Indology
700 ## - ADDED ENTRY--PERSONAL NAME
Personal name Praphullachandra Basu
730 ## - ADDED ENTRY--UNIFORM TITLE
Uniform title Indo Aryan Polity
942 ## - ADDED ENTRY ELEMENTS (KOHA)
Koha item type Book
Holdings
Withdrawn status Lost status Damaged status Not for loan Home library Current library Date acquired Total Checkouts Full call number Barcode Date last seen Price effective from Koha item type
        Bhandarkar Oriental Research Institute, Pune Bhandarkar Oriental Research Institute, Pune 02/20/1930   BORI-4240 BORI-4240 03/21/2016 03/21/2016 Book